书目信息 |
| 题名: |
别计较不完美
|
|
| 作者: | 如湑 著 | |
| 分册: | ||
| 出版信息: | 北京 北京理工大学出版社 2016 |
|
| 页数: | 251页 | |
| 开本: | 21cm | |
| 丛书名: | ||
| 单 册: | ||
| 中图分类: | B844.5 | |
| 科图分类: | ||
| 主题词: | 女性心理学--nv xing xin li xue--通俗读物 | |
| 电子资源: | ||
| ISBN: | 978-7-5682-3072-8 | |
| 000 | 00864nam0 22002411 450 | |
| 001 | 0120081945 | |
| 005 | 20170320081945.0 | |
| 010 | @a978-7-5682-3072-8@dCNY35.00 | |
| 100 | @a20161031d2016 em y0chiy50 ea | |
| 101 | 0 | @achi |
| 102 | @aCN@b110000 | |
| 105 | @ay z 000yy | |
| 106 | @ar | |
| 200 | 1 | @a别计较不完美@9bie ji jiao bu wan mei@dDon't care about not perfect@f如湑著@zeng |
| 210 | @a北京@c北京理工大学出版社@d2016 | |
| 215 | @a251页@d21cm | |
| 330 | @a本书收录了“最佳女配角”“那些你以为的,在时光中慢慢变了模样”“清净而不张狂的处世哲学”“柔软的胜利”“‘坏事’后的另一段风景”“生活是我们记住的样子”等故事。 | |
| 510 | 1 | @aDon't care about not perfect@zeng |
| 606 | 0 | @a女性心理学@9nv xing xin li xue@j通俗读物 |
| 690 | @aB844.5@v5 | |
| 701 | 0 | @a如湑@9ru xu@4著 |
| 801 | 0 | @aCN@bTANGWEI@c20170308 |
| 905 | @b0954774-6@dB844.5@e1524@f3 | |
| 别计较不完美=Don't care about not perfect/如湑著.-北京:北京理工大学出版社,2016 |
| 251页;21cm |
| ISBN 978-7-5682-3072-8:CNY35.00 |
| 本书收录了“最佳女配角”“那些你以为的,在时光中慢慢变了模样”“清净而不张狂的处世哲学”“柔软的胜利”“‘坏事’后的另一段风景”“生活是我们记住的样子”等故事。 |
| ● |
| 相关链接 |
|
|
|
|
正题名:别计较不完美
索取号:B844.5/1524
 
预约/预借
| 序号 | 登录号 | 条形码 | 馆藏地/架位号 | 状态 | 备注 |
| 1 | 0954774 | 209547748 | 第一样本阅览室/ [索取号:B844.5/1524] | 在馆 | |
| 2 | 0954775 | 209547757 | 第一借阅区/ [索取号:B844.5/1524] | 在馆 | |
| 3 | 0954776 | 209547766 | 第一借阅区/ [索取号:B844.5/1524] | 在馆 |